On This Day: July 27th Quiz Stats

 Plays Quiz Updated Jul 27, 2017

Support Sporcle.
Go Orange.
Score 0/7 Timer 03:00
6 Plays Today
Question Answer Wrong Answers
Researchers at the University of Toronto, led by biochemist Frederick Banting, prove that the hormone ______ regulates blood sugar.
1921
Insulin
93.6%
Aldosterone
0.9%
Testosterone
2.4%
Gastrin
0.9%
The animated short ‘A Wild Hare’ is released, introducing this character for the first time.
1940
Bugs Bunny
81.4%
Oswald the Lucky Rabbit
2.6%
Br'er Rabbit
7.2%
Peter Cottontail
5.7%
A bomb explodes at Centennial Olympic Park during the 1996 Summer Olympics in this city, killing two and injuring over one hundred more.
1996
Atlanta
79.1%
Sydney
3.9%
Barcelona
6.2%
Los Angeles
6.2%
This French politician, known for his role in the Reign of Terror, is arrested after encouraging the execution of more than 17,000 ‘enemies of the Revolution’.
1794
Maximilien Robespierre
73.3%
Napoleon Bonaparte
11.7%
Louis XVI
13.4%
Georges Danton
1.5%
This American actress, known for her role as Piper Chapman on the comedy-drama series ‘Orange Is the New Black’, is born.
1984
Taylor Schilling
44.7%
Laura Prepon
19.9%
Taryn Manning
18%
Kate Mulgrew
13.1%
The first permanent transatlantic telegraph cable is successfully completed, stretching from Valentia Island, Ireland, to Heart's Content, ______.
1866
Newfoundland
43.3%
Nova Scotia
35.3%
Maine
10.3%
New York
9.9%
Fighting in the Korean War ends when the United States, China, and North Korea sign an armistice agreement. This President of South Korea refuses to sign, but pledges to observe the armistice.
1953
Syngman Rhee
34.9%
Park Chung-hee
25.2%
Kim Il-sung
18.3%
Kim Dae-jung
17.9%

You're not logged in!

Compare scores with friends on all Sporcle quizzes.
OR
Log In
Forgot?

From the Vault

Hide Your 'L' Movies

by timmylemoine1

Let's not linger and tuck 'em away!
Remove Ads.
Support Sporcle.
Get the best of Sporcle when you Go Orange. This ad-free experience offers more features, more stats, and more fun while also helping to support Sporcle. Thank you for becoming a member.

Show Comments

Extras

Top Quizzes Today


Score Distribution

Your Account Isn't Verified!

In order to create a playlist on Sporcle, you need to verify the email address you used during registration. Go to your Sporcle Settings to finish the process.

Report this User

Report this user for behavior that violates our Community Guidelines.

Details: